Statistiques concernant Palmarès D1 Italienne

Cliquez ici pour prendre le quiz!

Statistiques générales

  • Ce quiz a été pris 146 fois
  • Le résultat moyen est 103 sur 122

Statistiques - réponses

HintRéponse% Correct
1905 | 1926 | 1931 | +32 othersJuventus FC
100%
1930Ambrosiana
98%
1938 | 1940Ambrosiana Inter
98%
1910 | 1920 | 1953 | +12 othersInternazionale
98%
1901 | 1906 | 1907 | +15 othersAC Milan
95%
1916 | 1917 | 1918 | +5 othersN.A
93%
1974 | 2000SS Lazio
89%
1987 | 1990SSC Naples
87%
1942 | 1983 | 2001AS Rome
82%
1956 | 1969ACF Fiorentina
78%
1898 | 1899 | 1900 | +6 othersGenoa CFC
73%
1991UC Sampdoria
73%
1928 | 1943 | 1946 | +4 othersTorino FC
72%
1925 | 1929 | 1936 | +4 othersBologne FC
59%
1970Cagliari Calcio
54%
1985Hellas Vérone
46%
1908 | 1909 | 1911 | +3 othersPro Vercelli
17%
1922Pro Vercelli & US Novese
17%
1914AS Casale
9%

Distribution des résultats

Percentile par nombre de réponses

% des personnes avec chaque résultat

Votre développement - résultats

Vous n’avez pas pris ce quiz